000 00948nam a2200265Ia 4500
003 OSt
005 20221005111314.0
006 a|||||r|||| 00| 0
007 ta
008 221004b |||||||| |||| 00| 0 hin d
020 _a9789350009079 (hbk)
_c300
024 _a7077
037 _b91, 05/09/2013, Vani Prakashan
_cTextual
040 _aCRL
_cCRL
_bhin
041 _2hin
_ahin
082 _aNW44,P, 152Q2
100 _aजोशी, ललित
245 0 _aबॉलीवुड पाठ
_b विमर्श के सन्दर्भ
246 _aBaॉlīvuḍ pāṭha: vimarsha ke sandarbha
260 _aनई दिल्ली
_bवाणी प्रकाशन भारत
_c2012
300 _a153पृ0
_ccm.
650 _aहिन्दी साहित्य
942 _hNW44,P, 152Q2
_cTEXL
_2cc
999 _c1021448
_d1021448